03294nam a2200433 a 450000100100000000500170001000800410002704000250006808200220009311001050011524000200022024500360024026000930027630000210036959000260039065000660041665100490048271001050053171000900063691000370072695201200076395201260088395201350100995201210114495201220126595201220138795201220150995201220163195201220175395201210187595201210199695201210211795201210223895201210235995201210248095201210260195201210272299900170284300001417520250607073643.0091207s2001 dr 000 0 spa d aDO-SdBNPbspacBNPHU a344.729304bR426L1 aRepública Dominicana. b Secretaria de Estado de Salud Pública y Asistencia Social (2001)95654913a[ Leyes, etc..]10aLey general de salud No. 42-01. aSanto Domingo :bComisión Ejecutiva para la Reforma del Sector Salud :bSESPAS,c2001. a116 p. ;c28 cm. aInventariado, 2018/VM 4aSalud públicaxLegislaciónzRepública Dominicana916564 4aRepública DominicanaxLey No. 42-0193203112aRepública Dominicana. b Secretaria de Estado de Salud Pública y Asistencia Social (2001)95654912aRepública Dominicana. Comisión Ejecutiva para la Reforma del Sector Salud.932032 aValidado. Control de calidad MFF 0010718PDaPDbPDcHDd2009-12-07iLF1l0o344.729304 R426Lp14175-10r2020-06-25w2020-06-25yLFPDZNo se presta 0010718PDaPDbPDcHDd2009-12-07iLF1l0o344.729304 R426Lp14175-20r2020-06-25te. 2w2020-06-25yLFPDZNo se presta 001054708DSaPDbPDcHDd2009-12-07iLF1l0o344.729304 R426Lp14175-30r2020-06-25te. 3w2020-06-25yLFDSZPréstamo en sala 00107-18PDaPDbPDcOId2009-12-07iLF1l0o344.729304 R426Lp14176-10r2020-06-25w2020-06-25yLFPDZNo se presta 00107-18PDaPDbPDcOId2009-12-07iLF1l0o344.729304 R426Lp14176-100r2020-06-25w2020-06-25yLFPDZNo se presta 00107-18PDaPDbPDcOId2009-12-07iLF1l0o344.729304 R426Lp14176-110r2020-06-25w2020-06-25yLFPDZNo se presta 00107-18PDaPDbPDcOId2009-12-07iLF1l0o344.729304 R426Lp14176-120r2020-06-25w2020-06-25yLFPDZNo se presta 00107-18PDaPDbPDcOId2009-12-07iLF1l0o344.729304 R426Lp14176-130r2020-06-25w2020-06-25yLFPDZNo se presta 00107-18PDaPDbPDcOId2009-12-07iLF1l0o344.729304 R426Lp14176-140r2020-06-25w2020-06-25yLFPDZNo se presta 00107-18PDaPDbPDcOId2009-12-07iLF1l0o344.729304 R426Lp14176-20r2020-06-25w2020-06-25yLFPDZNo se presta 00107-18PDaPDbPDcOId2009-12-07iLF1l0o344.729304 R426Lp14176-30r2020-06-25w2020-06-25yLFPDZNo se presta 00107-18PDaPDbPDcOId2009-12-07iLF1l0o344.729304 R426Lp14176-40r2020-06-25w2020-06-25yLFPDZNo se presta 00107-18PDaPDbPDcOId2009-12-07iLF1l0o344.729304 R426Lp14176-50r2020-06-25w2020-06-25yLFPDZNo se presta 00107-18PDaPDbPDcOId2009-12-07iLF1l0o344.729304 R426Lp14176-60r2020-06-25w2020-06-25yLFPDZNo se presta 00107-18PDaPDbPDcOId2009-12-07iLF1l0o344.729304 R426Lp14176-70r2020-06-25w2020-06-25yLFPDZNo se presta 00107-18PDaPDbPDcOId2009-12-07iLF1l0o344.729304 R426Lp14176-80r2020-06-25w2020-06-25yLFPDZNo se presta 00107-18PDaPDbPDcOId2009-12-07iLF1l0o344.729304 R426Lp14176-90r2020-06-25w2020-06-25yLFPDZNo se presta c13776d13776